Протоколы №№ 1-4 /подлин./ объединенных Заседаний 4-й Сессии ЦИК СССР 7-го созыва

Доступно только в Электронных читальных залах Найти на картеНа карте
RUSMARC
00004707nac2a22003133x 450
001da00c63f-9117-4380-91cc-75ed73b05c3e
00520210719195251.0
100##$a20210612l19371937k y0rusy50 ca
1010#$arus
$amul
102##$aRU
105##$ay z |||||
1222#$ad19370707
$ad19370709
2001#$aПротоколы №№ 1-4 /подлин./ объединенных Заседаний 4-й Сессии ЦИК СССР 7-го созыва
$j07.07.1937 - 09.07.1937
215##$a56 листов
251##$cДело
300##$aЗаголовок дела на папке: Протоколы №№ 1-4 объединенных Заседаний 4-й Сессии ЦИК СССР VII-го созыва. 7-9 июля 1937 года
300##$aПодлинные
300##$aЧасть текста на языках народов СССР
300##$aЛисты: 3-18 - брошюра (регламент)
300##$aЧасть текста машинописная и рукописная, часть - напечатана типографским способом
330##$aВходит в раздел описи: VII-й Съезд Советов. 4-я Сессия ЦИК СССР
461#0$1001796d4672-8a00-4986-b488-6e42273792cc
$12001
$aЦЕНТРАЛЬНЫЙ ИСПОЛНИТЕЛЬНЫЙ КОМИТЕТ СССР (ЦИК СССР)
$1251
$cФонд
$1852
$j3316
$gР
462#0$10012246e4af-064a-4b66-b386-cae0ddb7fb2d
$12001
$aДела 7-го Съезда Советов и 1-й, 2-й, 3-й, 4-й Сессий 7-го созыва. 1935-1937 гг.
$vД. 194
$1251
$cОпись
$1852
$j7
5171#$aПротоколы №№ 1-4 объединенных Заседаний 4-й Сессии ЦИК СССР VII-го созыва. 7-9 июля 1937 года
60101$3RU\NLR\AUTH\880357276
$aСССР
$bЦИК
60102$3RU\NLR\AUTH\880399378
$aСССР
$bЦИК
$bСозыв
$c7
$bСессия
$d4
801#0$aRU
$bGA_RF
801#1$aRU
$bГлавНИВЦ
$c20210612
$2rusmarc
801#2$aRU
$bПБ им. Б.Н. Ельцина
$c20210719
$gRCR
$2rusmarc
852##$aГА РФ
$j194
937##$d166423782
$hГАРФ
035##$aRuPRLIB51060646
856##$uhttp://readingroom.main.prlib.ru/item.aspx?id_node=n166423782&mode=full
Формат отображения